MARC

LEADER 00000nam0a2200000 4500
001 368324
005 20231102012054.0
035 |a (RuTPU)RU\TPU\retro\25688 
090 |a 368324 
100 |a 20220407d1979 km y0rusy5003 ca 
101 0 |a rus 
102 |a UA 
105 |a ac z 001zb 
200 1 |a Евгений Оскарович Патон  |f А. А. Чеканов 
210 |a Киев  |c Наукова думка  |d 1979 
215 |a 108 с.  |c ил. 
320 |a Список научных трудов: с. 104-105 
320 |a Литература о жизни и деятельности: с. 103 
320 |a Основные даты жизни и деятельности: с. 100-102 
320 |a Лауреаты премии имени Е. О. Патона: с. 106 
600 1 |a Патон  |b Е. О.  |c советский ученый  |c специалист в области электросварки и мостостроения  |f 1870-1953  |g Евгений Оскарович  |2 stltpush  |3 (RuTPU)RU\TPU\pers\23477  |9 10235 
606 1 |a Мостостроение  |2 stltpush  |3 (RuTPU)RU\TPU\subj\44503  |9 63819 
606 1 |a Электросварка  |2 stltpush  |3 (RuTPU)RU\TPU\subj\72796  |9 86190 
610 1 |a СССР 
610 1 |a сварочная техника 
610 1 |a история 
610 1 |a биографии 
610 1 |a персоналии 
610 1 |a жизнь 
610 1 |a педагогическая деятельность 
610 1 |a научная деятельность 
610 1 |a ученые 
610 1 |a общественная деятельность 
675 |a 624.21  |z rus  |v 4 
675 |a 621.791.7  |z rus  |v 4 
700 1 |a Чеканов  |b А. А.  |g Андрей Александрович  |4 070 
801 0 |a RU  |b RuMRKP  |c 19950417  |g psbo 
801 1 |a RU  |b 63413507  |c 20140125 
801 2 |a RU  |b 63413507  |c 20220407  |g RCR 
942 |c BK